000
00207 a2200109 4500
020
_a
9781602190931
041
_a
spa
100
_a
Gamble, Adam
245
_a
Buenas Noches Texas
942
_c
BK
952
_7
4
999
_c
19754
_d
19754